Maillol Nudes : 35 Lithographs /

Guardado en:
Bibliografiske detaljer
Hovedforfatter: Maillol, Aristide (autor)
Format: Bog
Sprog:engelsk
Udgivet: Nueva York, EUA : Dover, 1980, c1980
Serier:(Dover Art Library)
Fag:
Tags: Tilføj Tag
Ingen Tags, Vær først til at tagge denne postø!

MARC

LEADER 00000nam^a2200000^a^4500
001 000336521
005 20250521000000.0
008 110131 19801980
009 20260310114301.125
025 |a Donación José Alberto Márquez, 1 ejemplar 
037 |a Acervo ITESO - Biblioteca 
041 |a ING 
082 |a 769. 944081  |b MAI MAI 
100 |a Maillol, Aristide  |e (autor) 
245 1 0 |a Maillol Nudes :  |b 35 Lithographs /  |c A. Maillol. 
264 4 |a Nueva York, EUA :  |b Dover,  |c 1980, c1980 
300 |a 1 folleto (28 p.) 
336 |a texto  |b txt  |2 rdacontenido 
337 |a sin mediación  |b n  |2 rdamedio 
338 |a volumen  |b nc  |2 rdasoporte 
440 1 |a (Dover Art Library) 
649 |a XX 
650 |a Pintores Franceses 
650 |a Artistas Franceses 
650 |a Desnudo en la Pintura 
650 |a Desnudo en el Arte 
650 |a Cuerpo Humano en la Pintura 
650 |a Cuerpo Humano en el Arte 
650 |a Grabado -  |z Francia -  |x Historia y Crítica 
650 |a Nabis -  |z Francia -  |x Historia y Crítica 
650 |a Pintura Moderna -  |z Francia -  |x Historia y Crítica 
650 |a Pintura Francesa -  |x Historia y Crítica 
650 |a Pintura Francesa -  |y Siglo XIX 
650 |a Pintura Francesa -  |y Siglo XX 
650 |a Arte Moderno -  |z Francia -  |x Historia y Crítica 
650 |a Arte Francés -  |x Historia y Crítica 
650 |a Arte Francés -  |y Siglo XIX 
650 |a Arte Francés -  |y Siglo XX 
650 |a Maillol, Aristide -  |x Tema Principal 
910 |a Fondo General 
920 |a Impresos - Libros 
930 |a Reserva Especial 
905 |a 103 
901 |a 0500226414  |b IT2  |c FOL  |i D  |u 20250521 
902 |a https://opac.biblio.iteso.mx/vufind/Record/000336521